<?xml version="1.0" encoding="utf-8"?>
<?xml-stylesheet type='text/xsl' href='./oai2.xsl'?>
<OAI-PMH xmlns="http://www.openarchives.org/OAI/2.0/" xmlns:xsi="http://www.w3.org/2001/XMLSchema-instance" xsi:schemaLocation="http://www.openarchives.org/OAI/2.0/ http://www.openarchives.org/OAI/2.0/OAI-PMH.xsd">
  <responseDate>2026-06-06T02:41:16Z</responseDate>
  <request verb="GetRecord" metadataPrefix="marcxml" identifier="record_kuniweb_393322">https://kulturerbe.niedersachsen.de/oai</request>
  <GetRecord>
    <record>
      <header>
        <identifier>record_kuniweb_393322</identifier>
        <datestamp>2026-03-31T19:09:18Z</datestamp>
        <setSpec>slg0187</setSpec>
      </header>
      <metadata>
        <marc:record xmlns:marc="http://www.loc.gov/MARC21/slim" xsi:schemaLocation="http://www.loc.gov/MARC21/slim http://www.loc.gov/standards/marcxml/schema/MARC21slim.xsd">
          <marc:leader>12345nrm  22     uu 4500</marc:leader>
          <marc:controlfield tag="001">393322</marc:controlfield>
          <marc:controlfield tag="003">http://kuniweb.gbv.de</marc:controlfield>
          <marc:controlfield tag="005">2025-12-16T10:46:02</marc:controlfield>
          <marc:controlfield tag="008">|           ||||||||||||||||||||||</marc:controlfield>
          <marc:datafield tag="245" ind1="1" ind2="0">
            <marc:subfield code="a">Hammerflügel Conrad Graf</marc:subfield>
          </marc:datafield>
          <marc:datafield tag="720" ind1=" " ind2=" ">
            <marc:subfield code="a">Conrad Graf</marc:subfield>
          </marc:datafield>
          <marc:datafield tag="655" ind1=" " ind2="7">
            <marc:subfield code="a">Alltagskultur</marc:subfield>
          </marc:datafield>
          <marc:datafield tag="046" ind1=" " ind2=" ">
            <marc:subfield code="k">1835</marc:subfield>
            <marc:subfield code="k">um 1835/36</marc:subfield>
            <marc:subfield code="l">1836</marc:subfield>
          </marc:datafield>
          <marc:datafield tag="260" ind1=" " ind2=" ">
            <marc:subfield code="g">1835</marc:subfield>
            <marc:subfield code="g">1836</marc:subfield>
            <marc:subfield code="g">um 1835/36</marc:subfield>
          </marc:datafield>
          <marc:datafield tag="300" ind1=" " ind2=" ">
            <marc:subfield code="a">Breite: 138 cm
Höhe: 86 cm
Tiefe: 250 cm
Breite: 38 cm (Korpusbreite)</marc:subfield>
          </marc:datafield>
          <marc:datafield tag="520" ind1=" " ind2=" ">
            <marc:subfield code="a">Korpus in Palisander furniert, an den Wandungen, den Beinen und besonders im Klaviaturraum reiche Bronze- oder Messingbeschläge. Ziselierte Rollfüße. Die Klaviatureinfassung aus Schildpatt. Weiße Untertasten mit Perlmutt belegt, dunkle Obertasten aus Schildpatt. Geradsaitiger dreichöriger Bezug, im Baß zweichörig mit Messing besponnen. Wiener Mechanik. Tonumfang 6 1/2 Oktaven. Lyra mit 4 Pedalen: Forte, Moderator, verstärkter Moderator, Verschiebung una corda. Dämpfung über Rechen geführt. (Städtisches Museum Braunschweig)

Aufschrift:
"Conrad Graf/ kaiserl: kön: Hof-Fortepianomacher/ Wien/ nächst der Karlskirche im Mondschein No. 102". (Firmenschild über der Klaviatur)

Aufschrift:
3 Stempel mit Doppeladler und: "2332 / WERK / DES / CONR: GRAF / IN WIEN" (Signatur auf dem Klaviaturboden)

Literatur in Zusammenhang:
Derek Adlem: Die Anatomie des Klaviers, in: Das große Buch des Klaviers, hg. v. D. Gill, Freiburg/Basel 1983, S. 15-38

Literatur in Zusammenhang:
H. Junghanns, „Der Piano- und Flügelbau. Fachbuchreihe "Das Musikinstrument" ; 4“. Bochinsky, Frankfurt am Main, 1984.

Beschrieben in:
„Führer durch die Sammlung Historische Musikinstrumente. Arbeitsberichte, Veröffentlichungen aus dem Städtischen Museum Braunschweig ; 70“. Städt. Museum, Braunschweig, 1997. (S. 67)</marc:subfield>
          </marc:datafield>
          <marc:datafield tag="650" ind1="1" ind2=" ">
            <marc:subfield code="a">Musikinstrument</marc:subfield>
          </marc:datafield>
          <marc:datafield tag="650" ind1="1" ind2=" ">
            <marc:subfield code="a">Musikinstrument, Klangkörper &gt; Chordofon &gt; Tasteninstrument &gt; Klavier</marc:subfield>
          </marc:datafield>
          <marc:datafield tag="650" ind1="1" ind2=" ">
            <marc:subfield code="a">Musik</marc:subfield>
          </marc:datafield>
          <marc:datafield tag="773" ind1="0" ind2=" ">
            <marc:subfield code="t">Sammlung Musikinstrumente</marc:subfield>
          </marc:datafield>
          <marc:datafield tag="852" ind1=" " ind2=" ">
            <marc:subfield code="a">Städtisches Museum Braunschweig</marc:subfield>
          </marc:datafield>
          <marc:datafield tag="852" ind1=" " ind2=" ">
            <marc:subfield code="a">Wien Stadt (Vienna, Wien Stadt)</marc:subfield>
          </marc:datafield>
          <marc:datafield tag="" ind1=" " ind2=" ">
            <marc:subfield code="a">Namensnennung - Nicht kommerziell - Keine Bearbeitungen 4.0 International (CC BY-NC-ND 4.0)</marc:subfield>
          </marc:datafield>
        </marc:record>
      </metadata>
    </record>
  </GetRecord>
</OAI-PMH>
